000 00749nam a22002297a 4500
003 UA-OsUOA
001 50462
007 ta
008 20140610b un ||||| |||| 00| 0 ukr d
090 _a030
_bС48
942 _cBK
040 _aUA-OsUOA
_brus
_cUA-OsUOA
_dUA-OsUOA
245 _aСловарь книжников и книжности Древней Руси
_bВып. I
_c(XI - первая половина XIV в.)
300 _a492 с.
955 _a1
041 _arus
080 _a030
260 _aЛенинград
_bНаука
_c1987
650 7 _a030 Загальні довідкові праці
_2UDC
999 _c430584
_d430584